Statistics for WWE Superstars Finishers (By Superstar Name)

Click here to take the quiz!

General Stats

  • This quiz has been taken 371 times
  • The average score is 15 of 16

Answer Stats

FinisherAnswer% Correct
Attitude AdjustmentJohn Cena
100%
S.T.F (Stepover Toehold Facelock)John Cena
100%
Lightning FistJohn Cena
100%
Styles ClashAJ Styles
99%
Phenomenal ForearmAJ Styles
99%
RKO (Randy Keith Orton)Randy Orton
99%
Punt KickRandy Orton
99%
Rock BottomThe Rock
96%
People's ElbowThe Rock
96%
SpearRoman Reigns
94%
PedigreeTriple H
94%
Skull Crushing FinaleThe Miz
93%
Sweet Chin MusicShawn Michaels
92%
World's Strongest SlamMark Henry
90%
WMD (Weapon of Mass Destruction)Big Show
84%
Muscle BusterSamoa Joe
64%

Score Distribution

Percentile by Number Answered

Percent of People with Each Score

Your Score History

You have not taken this quiz